| 000 | 00362pab a2200133 454500 | ||
|---|---|---|---|
| 008 | 180718b2004 xxu||||| |||| 00| 0 eng d | ||
| 245 | _aSPECIAL issue: sex and the city: social and economic explorations in urban sexuality | ||
| 260 | _c2004 | ||
| 300 | _ap.1631-856. | ||
| 362 | _aAug | ||
| 650 | _aSexual behaviour | ||
| 773 | _aUrban Studies | ||
| 909 | _a61985 | ||
| 999 |
_c61985 _d61985 |
||